Statistics for Shortest Country Names By Continent

Click here to take the quiz!

General Stats

  • This quiz has been taken 2,092 times
    (1,983 since last reset)
  • The average score is 10 of 13

Answer Stats

ContinentCountry% Correct
South AmericaPeru
90%
Australia/OceaniaFiji
88%
North AmericaCuba
81%
AfricaChad
78%
AfricaMali
75%
AfricaTogo
75%
AsiaLaos
73%
AsiaIran
71%
AsiaIraq
71%
EuropeSpain
68%
AsiaOman
67%
EuropeItaly
63%
EuropeMalta
59%

Score Distribution

Percentile by Number Answered

Percent of People with Each Score

Your Score History

You have not taken this quiz since the last reset